Get the Picture: Norse God or Norse Realm? Quiz Stats

 Plays Quiz Updated Jul 21, 2019

Score 0/14 Timer 02:00
0 Plays Today
Question Answer Wrong Answers
Midgard Realm
90.2%
God
5.7%
Vanaheim Realm
89.3%
God
6.8%
Freyja God
87.7%
Realm
7.9%
Asgard Realm
87.2%
God
8.6%
Alfheim Realm
84%
God
12.4%
Hermod God
76.7%
Realm
19.2%
Balder God
73.2%
Realm
22.9%
Nidavellir Realm
73%
God
23.5%
Narvi God
68.3%
Realm
27.7%
Vidar God
67.8%
Realm
28.4%
Gefion God
67.4%
Realm
28.8%
Aegir God
63.3%
Realm
33%
Kvasir God
61.9%
Realm
34.6%
Heimdall God
61%
Realm
35.5%

Today's Daily Dose

Missing Word
1940s A-Z

Quick Pick
'S' Athletes

Get the Picture
Depp or Bonham Carter

You're not logged in!

Compare scores with friends on all Sporcle quizzes.
OR
Log In

Sporcle TV

Today on Sporcle TV


Watch our educational content, quiz creation guides, and fun videos on Sporcle TV.

Show Comments

Extras

Top Quizzes Today


Score Distribution

Your Account Isn't Verified!

In order to create a playlist on Sporcle, you need to verify the email address you used during registration. Go to your Sporcle Settings to finish the process.

Report this User

Report this user for behavior that violates our Community Guidelines.

Details: